Zákon o zvýšení důchodů v roce 1993 - výklad. Zákon ČNR č. 547 ze dne 17. listopadu 1992 o zvýšení důchodů v roce 1993.
Zvýšenie starobných, invalidných, čiastočne invalidných dôchodkov za výsluhu rokov, vdovských a sirotských dôchodkov v roku 1993 v ČR. Okruh zvýšených dôchodkov a výška dôchodkov.
Uložené v:
| Hlavný autor: | |
|---|---|
| Médium: | Kapitola |
| Jazyk: | Czech |
| Predmet: | |
| Tagy: |
Žiadne tagy, Buďte prvý, kto otaguje tento záznam!
|
MARC
| LEADER | 00000naa a2200000 4500 | ||
|---|---|---|---|
| 001 | r011368 | ||
| 005 | 20220826093944.7 | ||
| 041 | 0 | |a cze | |
| 044 | |a [CS] | ||
| 245 | 1 | 0 | |a Zákon o zvýšení důchodů v roce 1993 - výklad. |b Zákon ČNR č. 547 ze dne 17. listopadu 1992 o zvýšení důchodů v roce 1993. |c V. Voříšek |
| 520 | |a Zvýšenie starobných, invalidných, čiastočne invalidných dôchodkov za výsluhu rokov, vdovských a sirotských dôchodkov v roku 1993 v ČR. Okruh zvýšených dôchodkov a výška dôchodkov. | ||
| 610 | 2 | 0 | |a Čechy |
| 610 | 2 | 0 | |a 1993 |
| 610 | 2 | 0 | |a zákony |
| 610 | 2 | 0 | |a dôchodky starobné |
| 610 | 2 | 0 | |a dôchodky invalidné |
| 100 | 1 | |a Voříšek, V. | |